| 000 | 00946nam a2200265 a 4500 | ||
|---|---|---|---|
| 001 | 000047534 | ||
| 003 | DO-SdBNP | ||
| 005 | 20250716100458.0 | ||
| 008 | 180621s2017 dr 000 p spa d | ||
| 020 | _a9789945582543 | ||
| 040 |
_aDO-SdBNP _bspa _cBNPHU |
||
| 082 |
_axxx _bxxxx |
||
| 100 | 1 |
_aMiller, Jeannette, _d1944- _983484 |
|
| 245 | 1 | 0 |
_aTestigo de la luz : _bpoemas 1962-2016 / _cJeannette Miller ; prólogo José Alcántara Almanzar. |
| 260 |
_aSanto Domingo, : _bBanco Central de la República Dominicana, _c2017. |
||
| 300 |
_a500 p. ; _c24 cm. |
||
| 490 | 0 |
_aBanco Central de la República Dominicana ; _v241 |
|
| 490 | 0 |
_aArte y Literatura ; _v85 |
|
| 500 | _aIncluye datos biografícos de la autora en las solapas | ||
| 504 | _aBibliografía autora p: 477-483 | ||
| 504 | _aBibliografía p: 487-490 | ||
| 590 | _aInventariado, 2018/ YL | ||
| 700 | 1 |
_aAlcántara Almánzar, José _d1946- _eprol. _97018 |
|
| 942 |
_2ddc _cLBS1 |
||
| 999 |
_c47022 _d47022 |
||